Logo biblioteca
Santa Fe 2917, Rosario, Santa Fe
Lu-Vi 8 a 19.45
+54-341-4232362
bibliotecaeudoro@gmail.com
Facebook Biblioteca Pedagógica
Sitio web

La memoria : (Registro nro. 32302)

Detalles MARC
000 -CABECERA
campo fijo de control de longitud 01226nab a2200229 4500
001 - NÚMERO DE CONTROL
campo de control 32302
003 - IDENTIFICADOR DEL NÚMERO DE CONTROL
campo de control AR-RoBPED
005 - FECHA Y HORADE LA ULTIMA TRANSACCION
campo de control 20260331171757.0
008 - ELEMENTOS DE LONGITUD FIJA--INFORMACION GENERAL
campo fijo de control de longitud 251125d1886198?ag |||p| ||||s00| 0 spa d
040 ## - FUENTE CATALOGADORA
Centro catalogador/agencia de origen AR-RoBPED
041 ## - IDIOMA
Código de idioma para texto/pista de sonido o título independiente spa
100 1# - ENCABEZAMIENTO PRINCIPAL--AUTOR PERSONAL
Nombre de persona Mercante, Víctor,
Fechas nac-muerte 1870-1934
9 (RLIN) 30517
245 13 - TITULO
Título La memoria :
Subtítulo es la gran función del universo /
Mención de responsabilidad Víctor Mercante.
300 ## - DESCRIPCION FISICA
Extensión pág. 85-87 ; 196-199 ; 366-370
362 ## - FECHAS DE PUBLICACION Y/O DESIGNACION SECUENCIAL
Fecha de publicación y/o designación secuencial Año XI, No. 125 (octubre de 1898)
Fecha de publicación y/o designación secuencial Año XI, No. 126 (noviembre de 1898)
Fecha de publicación y/o designación secuencial Año XI, No. 128 (enero de 1899)
500 ## - NOTA GENERAL
Nota general Artículo en varias partes publicado en:<br/>- Boletín de Educación. Santa Fe : Consejo General de Educación, 1886-198?. Año XI, No. 125 (octubre de 1898), páginas 85-87.<br/>- Boletín de Educación. Santa Fe : Consejo General de Educación, 1886-198?. Año XI, No. 126 (noviembre de 1898), <br/>páginas 175-176.<br/>- Boletín de Educación. Santa Fe : Consejo General de Educación, 1886-198?. Año XI, No. 128 (enero de 1899), <br/>páginas 366-370.<br/>
773 0# - DOCUMENTO FUENTE
Host Biblionumber 22998
Host Itemnumber 30383
Encabezamiento principal Santa Fe.
Place, publisher, and date of publication Santa Fe : Consejo General de Educación, [1886-198-?].
Título Boletín de Educación :
Record control number (AR-RoBPED)22998
942 ## - ELEMENTOS KOHA
Fuente de clasificación Universal Decimal Classification
Número Koha K. 32302
Koha tipo de ítem Revistas
945 ## - PROCESAMIENTO DE LA INFORMACIÓN LOCAL
Catalogador y fecha nn 25/11/2025

No hay ítems disponibles.